[Event "Remembrance Day op"]
[Site "Winnipeg CAN"]
[Date "2004.11.12"]
[Round "1"]
[White "Tang, Edward"]
[Black "Gannon, Keith"]
[Result "1-0"]
[WhiteElo "1966"]
[BlackElo "1561"]
[PlyCount "135"]
[GameId "2160767911052614"]
[EventDate "2004.11.12"]
[EventType "swiss"]
[EventRounds "5"]
[EventCountry "CAN"]
[SourceTitle "EXT 2006"]
[Source "ChessBase"]
[SourceDate "2005.11.24"]
[SourceVersion "1"]
[SourceVersionDate "2005.11.24"]
[SourceQuality "1"]

1. e4 e5 2. Nf3 Nf6 3. Nxe5 d6 4. Nf3 Nxe4 5. c4 Be7 6. Be2 O-O 7. O-O Re8 8. d3 Nf6 9. d4 d5 10. cxd5 Nxd5 11. Nc3 Nxc3 12. bxc3 Bg4 13. Rb1 b6 14. Bf4 a5 15. Qd2 c6 16. Rfe1 b5 17. Ne5 Bxe2 18. Rxe2 Bd6 19. Rbe1 Bxe5 20. Bxe5 Nd7 21. Bd6 Rxe2 22. Qxe2 Nf6 23. Be7 Qd7 24. Bxf6 gxf6 25. Qe7 Qxe7 26. Rxe7 Rc8 27. Kf1 c5 28. dxc5 Rxc5 29. Re3 b4 30. cxb4 axb4 31. Rb3 Rc1+ 32. Ke2 Rc2+ 33. Kf3 Rxa2 34. Rxb4 Ra3+ 35. Kg4 Ra2 36. Rf4 Kg7 37. g3 Kg6 38. h3 Ra5 39. Rd4 Rg5+ 40. Kf3 Rf5+ 41. Rf4 Re5 42. Rg4+ Kh6 43. Rg8 Rf5+ 44. Ke3 Re5+ 45. Kf4 Rh5 46. Kg4 f5+ 47. Kf4 Rxh3 48. Kxf5 Rh2 49. f4 Rc2 50. g4 Rc5+ 51. Kf6 Rc6+ 52. Ke5 Re6+ 53. Kd5 Rg6 54. g5+ Kh5 55. Rf8 Rg7 56. Ke5 Kg6 57. Ra8 h5 58. Ra6+ Kh7 59. Rh6+ Kg8 60. Rxh5 Kf8 61. f5 Rg8 62. Kf6 Ke8 63. Rh7 Rf8 64. Kg7 f6 65. g6 Ke7 66. Rh8 Rxh8 67. Kxh8 Kf8 68. g7+ 1-0

[Event "Remembrance Day op"]
[Site "Winnipeg CAN"]
[Date "2004.11.13"]
[Round "2"]
[White "Cheyne, Andrew"]
[Black "Plocek, Jaroslav"]
[Result "1-0"]
[WhiteElo "1253"]
[BlackElo "1545"]
[PlyCount "63"]
[GameId "2160767911052615"]
[EventDate "2004.11.12"]
[EventType "swiss"]
[EventRounds "5"]
[EventCountry "CAN"]
[SourceTitle "EXT 2006"]
[Source "ChessBase"]
[SourceDate "2005.11.24"]
[SourceVersion "1"]
[SourceVersionDate "2005.11.24"]
[SourceQuality "1"]

1. e4 e5 2. Nf3 Nc6 3. Bc4 Nf6 4. Nc3 Bb4 5. a3 Bxc3 6. bxc3 d6 7. d3 O-O 8. O-O Bg4 9. Bg5 h6 10. Be3 Ne7 11. Rb1 b6 12. h3 Bh5 13. g4 Bg6 14. Nd2 Qd7 15. f3 h5 16. Kg2 c6 17. Bb3 d5 18. Bf2 Rfd8 19. Bg3 dxe4 20. Nxe4 Nxe4 21. dxe4 Qc7 22. Qc1 Kh8 23. gxh5 Bxh5 24. Qg5 Bg6 25. Bxe5 Qb7 26. Bxf7 Rf8 27. Bxg6 Nxg6 28. Qxg6 Qe7 29. Bd6 Rf6 30. Qh5+ Rh6 31. Qxh6+ gxh6 32. Bxe7 1-0

[Event "Remembrance Day op"]
[Site "Winnipeg CAN"]
[Date "2004.11.13"]
[Round "2"]
[White "Gushuliak, Justin"]
[Black "Costales, Servillano"]
[Result "1-0"]
[WhiteElo "2046"]
[BlackElo "1666"]
[PlyCount "107"]
[GameId "2160767911052617"]
[EventDate "2004.11.12"]
[EventType "swiss"]
[EventRounds "5"]
[EventCountry "CAN"]
[SourceTitle "EXT 2006"]
[Source "ChessBase"]
[SourceDate "2005.11.24"]
[SourceVersion "1"]
[SourceVersionDate "2005.11.24"]
[SourceQuality "1"]

1. e4 c5 2. Nf3 e6 3. c3 Nf6 4. Bd3 Nc6 5. Bc2 Qc7 6. Qe2 Be7 7. e5 Nd5 8. O-O a6 9. a4 Na5 10. b3 Qb6 11. Qd1 d6 12. Na3 Bd7 13. Nc4 Nxc4 14. bxc4 Nc7 15. a5 Qa7 16. Rb1 Bc6 17. Ba4 O-O 18. Bxc6 bxc6 19. exd6 Bxd6 20. Qa4 Ne8 21. Qxc6 Rd8 22. Ba3 Nf6 23. Rb6 Ng4 24. Rxa6 Qe7 25. h3 h5 26. hxg4 hxg4 27. Nh2 Qh4 28. g3 Qg5 29. Qe4 Qxd2 30. Qxg4 Qxc3 31. Rxd6 Qxa3 32. Rfd1 Qxa5 33. Rxd8 Rxd8 34. Rxd8+ Qxd8 35. Kg2 g6 36. Nf3 Kg7 37. Qg5 Qf8 38. Qe5+ Kg8 39. Ng5 Qe7 40. Ne4 Qb7 41. f3 Qa7 42. Qxc5 Qxc5 43. Nxc5 Kf8 44. Kf2 Ke7 45. Ke3 Kd6 46. Ne4+ Ke7 47. Kd4 f6 48. c5 g5 49. g4 Kf7 50. c6 Ke7 51. Kc5 f5 52. Nd6 fxg4 53. fxg4 e5 54. c7 1-0

[Event "Remembrance Day op"]
[Site "Winnipeg CAN"]
[Date "2004.11.13"]
[Round "2"]
[White "Khedkar, Jay S"]
[Black "Hogeveen Rutter, Alexander"]
[Result "0-1"]
[WhiteElo "1934"]
[BlackElo "1706"]
[PlyCount "106"]
[GameId "2160767911052618"]
[EventDate "2004.11.12"]
[EventType "swiss"]
[EventRounds "5"]
[EventCountry "CAN"]
[SourceTitle "EXT 2006"]
[Source "ChessBase"]
[SourceDate "2005.11.24"]
[SourceVersion "1"]
[SourceVersionDate "2005.11.24"]
[SourceQuality "1"]

1. e4 c5 2. Nf3 Nc6 3. d4 cxd4 4. Nxd4 e6 5. Nb5 a6 6. Nd6+ Bxd6 7. Qxd6 Qe7 8. e5 f6 9. Qxe7+ Ngxe7 10. exf6 gxf6 11. g3 d5 12. Bg2 e5 13. c3 Be6 14. Nd2 b5 15. Nb3 Rd8 16. O-O h5 17. Be3 Kf7 18. f4 e4 19. Nd4 Nxd4 20. Bxd4 h4 21. Bc5 hxg3 22. hxg3 Bg4 23. Kf2 Rh2 24. Rh1 Rxg2+ 25. Kxg2 Bf3+ 26. Kf2 Bxh1 27. Rxh1 Nf5 28. g4 Ng7 29. f5 Rc8 30. Bd4 Rc6 31. Ke3 Kg8 32. Rh6 Ne8 33. g5 Kf7 34. g6+ Kg8 35. Kf4 a5 36. Rh7 Ng7 37. a3 Ra6 38. Rh3 a4 39. Rh1 Ne8 40. Kg4 Rc6 41. Rh7 Ng7 42. Be3 Rc7 43. Bh6 Re7 44. Bxg7 Rxg7 45. Rh2 Re7 46. Kf4 Kg7 47. Ke3 Re5 48. Kf4 Kg8 49. Kg4 Kg7 50. Rh7+ Kg8 51. Rd7 e3 52. Kh5 e2 53. Kh6 e1=Q 0-1

[Event "Remembrance Day op"]
[Site "Winnipeg CAN"]
[Date "2004.11.13"]
[Round "2"]
[White "Prince, Colin"]
[Black "Kohalmi, Andy"]
[Result "1-0"]
[WhiteElo "1772"]
[BlackElo "1622"]
[PlyCount "65"]
[GameId "2160767911052619"]
[EventDate "2004.11.12"]
[EventType "swiss"]
[EventRounds "5"]
[EventCountry "CAN"]
[SourceTitle "EXT 2006"]
[Source "ChessBase"]
[SourceDate "2005.11.24"]
[SourceVersion "1"]
[SourceVersionDate "2005.11.24"]
[SourceQuality "1"]

1. e4 c5 2. Nf3 d6 3. d4 cxd4 4. Nxd4 Nf6 5. Nc3 g6 6. Bc4 Bg7 7. Be3 Ng4 8. Bb5+ Kf8 9. O-O a6 10. Bc4 Nc6 11. h3 Nxe3 12. fxe3 e6 13. Nxe6+ Bxe6 14. Bxe6 Ne5 15. Qd5 Qe7 16. Bxf7 Nxf7 17. Rxf7+ Qxf7 18. Rf1 Qxf1+ 19. Kxf1 Be5 20. Qxb7 Re8 21. Nd5 Rg8 22. c3 Rg7 23. Qxa6 Bg3 24. Nf4 Rd7 25. Qc4 Bxf4 26. exf4 Rde7 27. Qd4 Rxe4 28. Qh8+ Kf7 29. Qxh7+ Kf6 30. Qh4+ Kg7 31. Qg4 Re1+ 32. Kf2 R8e2+ 33. Qxe2 1-0

[Event "Remembrance Day op"]
[Site "Winnipeg CAN"]
[Date "2004.11.13"]
[Round "2"]
[White "Rutter, Blair"]
[Black "Kaptsan, Aron"]
[Result "1/2-1/2"]
[WhiteElo "1745"]
[BlackElo "1903"]
[PlyCount "40"]
[GameId "2160767911052621"]
[EventDate "2004.11.12"]
[EventType "swiss"]
[EventRounds "5"]
[EventCountry "CAN"]
[SourceTitle "EXT 2006"]
[Source "ChessBase"]
[SourceDate "2005.11.24"]
[SourceVersion "1"]
[SourceVersionDate "2005.11.24"]
[SourceQuality "1"]

1. c4 c5 2. g3 g6 3. Bg2 Bg7 4. Nc3 e6 5. e4 Ne7 6. Nge2 Nbc6 7. O-O O-O 8. d3 b6 9. Be3 Ba6 10. Qd2 Rc8 11. Rad1 Nd4 12. f4 d6 13. h3 Qd7 14. Kh2 Bb7 15. Bxd4 cxd4 16. Nb5 e5 17. Nxa7 Ra8 18. Nb5 Rxa2 19. Ra1 Rxa1 20. Rxa1 Ra8 1/2-1/2

[Event "Remembrance Day op"]
[Site "Winnipeg CAN"]
[Date "2004.11.13"]
[Round "3"]
[White "Hogeveen Rutter, Alexander"]
[Black "Penner, Wesley"]
[Result "1-0"]
[WhiteElo "1706"]
[BlackElo "1776"]
[PlyCount "89"]
[GameId "2160767911052622"]
[EventDate "2004.11.12"]
[EventType "swiss"]
[EventRounds "5"]
[EventCountry "CAN"]
[SourceTitle "EXT 2006"]
[Source "ChessBase"]
[SourceDate "2005.11.24"]
[SourceVersion "1"]
[SourceVersionDate "2005.11.24"]
[SourceQuality "1"]

1. e4 e6 2. d4 d5 3. exd5 exd5 4. c4 Nf6 5. Nf3 Bb4+ 6. Nc3 O-O 7. a3 Bxc3+ 8. bxc3 Re8+ 9. Be2 dxc4 10. O-O b5 11. Ne5 Bb7 12. a4 a6 13. Bg5 Qd6 14. Qb1 Be4 15. Qb2 c6 16. Bxf6 Qxf6 17. Bxc4 Rxe5 18. dxe5 Qxe5 19. f3 Qc5+ 20. Qf2 Qxc4 21. fxe4 Nd7 22. axb5 cxb5 23. Qd4 Qe6 24. Qd5 Re8 25. Rxa6 Qxd5 26. exd5 f6 27. Ra5 Rc8 28. Rxb5 Rxc3 29. Rd1 Kf7 30. Rb7 Ke7 31. d6+ Ke6 32. Re1+ Ne5 33. Rxg7 Kxd6 34. Rxh7 Nd3 35. Rd1 Ke5 36. Re7+ Kf4 37. g3+ Kf5 38. Re3 Rc8 39. Rdxd3 Rc1+ 40. Kf2 Rh1 41. Kg2 Ra1 42. Rf3+ Kg5 43. Rd5+ Kg6 44. Rd6 Ra2+ 45. Kh3 1-0

[Event "Remembrance Day op"]
[Site "Winnipeg CAN"]
[Date "2004.11.13"]
[Round "3"]
[White "Khedkar, Jay S"]
[Black "Rutter, Blair"]
[Result "0-1"]
[WhiteElo "1934"]
[BlackElo "1745"]
[PlyCount "94"]
[GameId "2160767911052623"]
[EventDate "2004.11.12"]
[EventType "swiss"]
[EventRounds "5"]
[EventCountry "CAN"]
[SourceTitle "EXT 2006"]
[Source "ChessBase"]
[SourceDate "2005.11.24"]
[SourceVersion "1"]
[SourceVersionDate "2005.11.24"]
[SourceQuality "1"]

1. e4 e5 2. f4 d6 3. Nf3 Nc6 4. Bc4 Nf6 5. d3 a6 6. a4 Bg4 7. c3 exf4 8. Bxf4 Ne5 9. Bxe5 dxe5 10. Bxf7+ Kxf7 11. Nxe5+ Ke8 12. Nxg4 Nxg4 13. Qxg4 Qxd3 14. Qh5+ Kd7 15. Qf3 Qd6 16. Na3 Qe6 17. O-O-O+ Ke8 18. Qf5 Qxf5 19. exf5 Bxa3 20. bxa3 Ke7 21. Rhe1+ Kf6 22. Rd7 Rhe8 23. Rxe8 Rxe8 24. Rxc7 Re2 25. g4 Rxh2 26. Rxb7 Rg2 27. Rb6+ Kg5 28. Rxa6 Rxg4 29. a5 Ra4 30. Kb2 Kxf5 31. Kb3 Re4 32. Ra7 Kf6 33. Rb7 h5 34. Rb4 Re5 35. a6 Re8 36. Ka4 g5 37. Ka5 h4 38. a7 Ra8 39. Ka6 h3 40. Rb2 g4 41. Rh2 Rh8 42. Kb7 Rh7+ 43. Kb6 Rh8 44. c4 Kg5 45. c5 Kh4 46. c6 g3 47. Rb2 h2 0-1

[Event "Remembrance Day op"]
[Site "Winnipeg CAN"]
[Date "2004.11.13"]
[Round "3"]
[White "Kohalmi, Andy"]
[Black "Gibbons, Lorne"]
[Result "1-0"]
[WhiteElo "1622"]
[BlackElo "1280"]
[PlyCount "21"]
[GameId "2160767911052624"]
[EventDate "2004.11.12"]
[EventType "swiss"]
[EventRounds "5"]
[EventCountry "CAN"]
[SourceTitle "EXT 2006"]
[Source "ChessBase"]
[SourceDate "2005.11.24"]
[SourceVersion "1"]
[SourceVersionDate "2005.11.24"]
[SourceQuality "1"]

1. d4 d5 2. Nf3 e6 3. e3 Bd6 4. Bd3 g6 5. O-O f5 6. c4 c6 7. Nc3 Nf6 8. cxd5 cxd5 9. Nb5 a6 10. Qa4 Bd7 11. Nxd6+ 1-0

[Event "Remembrance Day op"]
[Site "Winnipeg CAN"]
[Date "2004.11.13"]
[Round "3"]
[White "Kwiatek, Jordan"]
[Black "Gushuliak, Justin"]
[Result "0-1"]
[WhiteElo "1719"]
[BlackElo "2046"]
[PlyCount "50"]
[GameId "2160767911052625"]
[EventDate "2004.11.12"]
[EventType "swiss"]
[EventRounds "5"]
[EventCountry "CAN"]
[SourceTitle "EXT 2006"]
[Source "ChessBase"]
[SourceDate "2005.11.24"]
[SourceVersion "1"]
[SourceVersionDate "2005.11.24"]
[SourceQuality "1"]

1. d4 c5 2. c3 cxd4 3. cxd4 d5 4. Bg5 Bf5 5. a3 Qb6 6. Qd2 Nc6 7. Nf3 f6 8. Bf4 e6 9. Nc3 g5 10. Bg3 g4 11. Na4 Qb3 12. Nc5 Bxc5 13. dxc5 gxf3 14. exf3 e5 15. Rc1 Nd4 16. Rc3 Qa2 17. Be2 Nxe2 18. Kxe2 d4 19. Rcc1 Rd8 20. Rhe1 Ne7 21. Kf1 Nc6 22. Qh6 Kf7 23. b4 d3 24. Rcd1 d2 25. Re2 Bd3 0-1

[Event "Remembrance Day op"]
[Site "Winnipeg CAN"]
[Date "2004.11.13"]
[Round "3"]
[White "Rumpel, Chris"]
[Black "Prince, Colin"]
[Result "0-1"]
[WhiteElo "1421"]
[BlackElo "1772"]
[PlyCount "65"]
[GameId "2160767911052627"]
[EventDate "2004.11.12"]
[EventType "swiss"]
[EventRounds "5"]
[EventCountry "CAN"]
[SourceTitle "EXT 2006"]
[Source "ChessBase"]
[SourceDate "2005.11.24"]
[SourceVersion "1"]
[SourceVersionDate "2005.11.24"]
[SourceQuality "1"]

1. Nf3 d5 2. g3 c5 3. d3 Nc6 4. Nbd2 e5 5. Bg2 Nf6 6. O-O Bd6 7. Re1 Bg4 8. e4 Qd7 9. c3 O-O 10. exd5 Nxd5 11. Nc4 Bc7 12. Ne3 Be6 13. Ng5 h6 14. Nxe6 fxe6 15. Ng4 b6 16. c4 Nde7 17. Be4 Nf5 18. Bxc6 Qxc6 19. Nxe5 Bxe5 20. Rxe5 Nd4 21. Re4 Nf3+ 22. Kg2 Rf6 23. Bf4 Nh4+ 24. Kf1 Raf8 25. Be3 Nf5 26. Ke2 Nxe3 27. Kxe3 Rxf2 28. Rf4 R8xf4 29. gxf4 Rxh2 30. Qg4 Qd6 31. Rd1 Qd4+ 32. Kf3 Rf2+ 33. Kg3 0-1

[Event "Remembrance Day op"]
[Site "Winnipeg CAN"]
[Date "2004.11.13"]
[Round "3"]
[White "Tang, Edward"]
[Black "Kaptsan, Aron"]
[Result "1-0"]
[WhiteElo "1966"]
[BlackElo "1903"]
[PlyCount "65"]
[GameId "2160767911052628"]
[EventDate "2004.11.12"]
[EventType "swiss"]
[EventRounds "5"]
[EventCountry "CAN"]
[SourceTitle "EXT 2006"]
[Source "ChessBase"]
[SourceDate "2005.11.24"]
[SourceVersion "1"]
[SourceVersionDate "2005.11.24"]
[SourceQuality "1"]

1. e4 e5 2. Nf3 Nc6 3. Bc4 Nf6 4. d3 Be7 5. c3 O-O 6. O-O d6 7. h3 a6 8. Bb3 Na5 9. Bc2 c5 10. Re1 Nc6 11. Nbd2 h6 12. Nf1 Qc7 13. d4 Re8 14. Be3 Bf8 15. Ng3 Bd7 16. d5 Ne7 17. Nh4 Ng6 18. Nhf5 Bxf5 19. Nxf5 Ne7 20. g4 Nxf5 21. gxf5 g6 22. Qf3 Nh5 23. Kh1 Qe7 24. Rg1 Kh7 25. Rg4 Nf4 26. Bxf4 exf4 27. fxg6+ fxg6 28. e5 dxe5 29. Bxg6+ Kh8 30. Bxe8 Rxe8 31. Rag1 Qf7 32. Qe4 Bd6 33. Rg6 1-0

[Event "Remembrance Day op"]
[Site "Winnipeg CAN"]
[Date "2004.11.13"]
[Round "3"]
[White "Wood, Nathaniel"]
[Black "Gannon, Keith"]
[Result "0-1"]
[WhiteElo "1383"]
[BlackElo "1561"]
[PlyCount "96"]
[GameId "2160767911052629"]
[EventDate "2004.11.12"]
[EventType "swiss"]
[EventRounds "5"]
[EventCountry "CAN"]
[SourceTitle "EXT 2006"]
[Source "ChessBase"]
[SourceDate "2005.11.24"]
[SourceVersion "1"]
[SourceVersionDate "2005.11.24"]
[SourceQuality "1"]

1. c4 c5 2. g3 Nf6 3. Bg2 e6 4. Nc3 d5 5. cxd5 exd5 6. d3 Nc6 7. h3 a6 8. Nf3 Be7 9. O-O O-O 10. a3 Re8 11. Qc2 d4 12. Nd1 Nd5 13. Kh2 Rb8 14. Bd2 b5 15. Ng1 Bb7 16. f4 Bf6 17. Qxc5 Nce7 18. Qc2 Qd7 19. e4 dxe3 20. Bxe3 Nxe3 21. Nxe3 Bxg2 22. Kxg2 Rbc8 23. Qb3 Qb7+ 24. Kh2 Bd4 25. Ng4 Bxg1+ 26. Rxg1 Nf5 27. Rae1 Qf3 28. Rxe8+ Rxe8 29. Ne5 Qf2+ 30. Rg2 Qa7 31. Nc6 Qc7 32. Rc2 Qa7 33. Ne5 Qb6 34. Nc6 g6 35. Qd5 Ne3 36. Qb3 Nxc2 37. Qxc2 h5 38. Ne5 Rc8 39. Qb3 Qc7 40. d4 Qc2+ 41. Qxc2 Rxc2+ 42. Kg1 Rxb2 43. Nc6 Rb3 44. d5 Kf8 45. Kf2 Ke8 46. Ne5 Rxa3 47. Ke2 b4 48. f5 b3 0-1

[Event "Remembrance Day op"]
[Site "Winnipeg CAN"]
[Date "2004.11.14"]
[Round "4"]
[White "Anderson, George"]
[Black "Plocek, Jaroslav"]
[Result "0-1"]
[WhiteElo "1411"]
[BlackElo "1545"]
[PlyCount "78"]
[GameId "2160767911052630"]
[EventDate "2004.11.12"]
[EventType "swiss"]
[EventRounds "5"]
[EventCountry "CAN"]
[SourceTitle "EXT 2006"]
[Source "ChessBase"]
[SourceDate "2005.11.24"]
[SourceVersion "1"]
[SourceVersionDate "2005.11.24"]
[SourceQuality "1"]

1. e4 d6 2. f4 Nf6 3. Nc3 e5 4. f5 Be7 5. Bc4 c6 6. Nf3 d5 7. exd5 cxd5 8. Bb5+ Bd7 9. Nxe5 Bxb5 10. Nxb5 Qb6 11. Qe2 O-O 12. c3 Nc6 13. d4 a6 14. Na3 Nxe5 15. dxe5 Ne4 16. Be3 Bc5 17. Bxc5 Qxc5 18. Rf1 Nxc3 19. bxc3 Qxc3+ 20. Qd2 Qxa1+ 21. Kf2 Qxe5 22. Kg1 Rfe8 23. Nc2 Qb2 24. h3 Rac8 25. f6 Rxc2 26. Qg5 Rxg2+ 27. Qxg2 Qxg2+ 28. Kxg2 gxf6 29. Rxf6 Re2+ 30. Kg3 Re6 31. Rf5 Rd6 32. Kf4 d4 33. Ke5 Rd7 34. Kf6 d3 35. Rf1 d2 36. Rd1 b5 37. h4 b4 38. h5 h6 39. Rg1+ Kf8 0-1

[Event "Remembrance Day op"]
[Site "Winnipeg CAN"]
[Date "2004.11.14"]
[Round "4"]
[White "Cheyne, Andrew"]
[Black "Rumpel, Chris"]
[Result "1-0"]
[WhiteElo "1253"]
[BlackElo "1421"]
[PlyCount "56"]
[GameId "2160767911052631"]
[EventDate "2004.11.12"]
[EventType "swiss"]
[EventRounds "5"]
[EventCountry "CAN"]
[SourceTitle "EXT 2006"]
[Source "ChessBase"]
[SourceDate "2005.11.24"]
[SourceVersion "1"]
[SourceVersionDate "2005.11.24"]
[SourceQuality "1"]

1. e4 e6 2. d4 d5 3. exd5 exd5 4. c4 Nf6 5. Nc3 Be6 6. cxd5 Nxd5 7. Nf3 Be7 8. Be3 O-O 9. Be2 Nd7 10. O-O N7f6 11. Qd2 h6 12. a3 c6 13. Nxd5 Nxd5 14. Ne5 Nxe3 15. fxe3 Bd6 16. Rad1 Bb3 17. Bc4 Bxc4 18. Nxc4 Bc7 19. b4 Re8 20. Rf3 Qe7 21. Rdf1 f6 22. Qd3 Rad8 23. Qg6 Rf8 24. Rh3 b5 25. Rxh6 bxc4 26. Rf3 f5 27. Rfh3 Qxe3+ 28. Rxe3 Rf6 1-0

[Event "Remembrance Day op"]
[Site "Winnipeg CAN"]
[Date "2004.11.14"]
[Round "4"]
[White "Gushuliak, Justin"]
[Black "Hogeveen Rutter, Alexander"]
[Result "1-0"]
[WhiteElo "2046"]
[BlackElo "1706"]
[PlyCount "91"]
[GameId "2160767911052632"]
[EventDate "2004.11.12"]
[EventType "swiss"]
[EventRounds "5"]
[EventCountry "CAN"]
[SourceTitle "EXT 2006"]
[Source "ChessBase"]
[SourceDate "2005.11.24"]
[SourceVersion "1"]
[SourceVersionDate "2005.11.24"]
[SourceQuality "1"]

1. e4 c5 2. c3 Nc6 3. d4 cxd4 4. cxd4 Nf6 5. e5 Nd5 6. Nc3 Nxc3 7. bxc3 d5 8. Bd3 Qc7 9. Ne2 Bg4 10. f3 Bh5 11. Nf4 Nxe5 12. Bb5+ Kd8 13. Qb3 Nxf3+ 14. Kf2 e6 15. Nxh5 Nh4 16. Bg5+ Be7 17. Bxh4 Bxh4+ 18. g3 g6 19. gxh4 gxh5 20. Ke3 Rc8 21. Rac1 Qe7 22. Qb4 Qxb4 23. cxb4 Rxc1 24. Rxc1 Rg8 25. Be2 Rg2 26. Rf1 Ke7 27. Bxh5 f6 28. Rf2 Rxf2 29. Kxf2 e5 30. Kf3 Ke6 31. Kg4 b6 32. b5 h6 33. Bg6 exd4 34. Kh5 f5 35. Kxh6 Kf6 36. Bh5 d3 37. Bf3 d4 38. h5 d2 39. h3 d3 40. h4 f4 41. a3 Ke5 42. Kg5 d1=Q 43. Bxd1 Ke4 44. Kg4 Ke3 45. h6 Kd2 46. Bf3 1-0

[Event "Remembrance Day op"]
[Site "Winnipeg CAN"]
[Date "2004.11.14"]
[Round "4"]
[White "Kaptsan, Aron"]
[Black "Gannon, Keith"]
[Result "1-0"]
[WhiteElo "1903"]
[BlackElo "1561"]
[PlyCount "115"]
[GameId "2160767911052633"]
[EventDate "2004.11.12"]
[EventType "swiss"]
[EventRounds "5"]
[EventCountry "CAN"]
[SourceTitle "EXT 2006"]
[Source "ChessBase"]
[SourceDate "2005.11.24"]
[SourceVersion "1"]
[SourceVersionDate "2005.11.24"]
[SourceQuality "1"]

1. d4 d5 2. c4 e6 3. Nc3 Nf6 4. Bg5 Be7 5. e3 Nbd7 6. Nf3 O-O 7. Qc2 b6 8. O-O-O c5 9. Kb1 Ba6 10. h4 Qc8 11. dxc5 Bxc4 12. Bxc4 dxc4 13. Ne4 bxc5 14. Nd6 Qc6 15. Nxc4 Rfe8 16. Bxf6 Nxf6 17. Nce5 Qe4 18. Rhf1 Qxc2+ 19. Kxc2 h6 20. Nd2 Nd5 21. g3 Nb4+ 22. Kb1 Bf6 23. Ndc4 Red8 24. a3 Nd5 25. Kc2 Nb6 26. Rxd8+ Rxd8 27. Rd1 Rxd1 28. Kxd1 Bxe5 29. Nxe5 Kf8 30. Kc2 Ke7 31. Nc6+ Kd6 32. Nxa7 f5 33. Nb5+ Kc6 34. Nc3 Nd7 35. f4 e5 36. Kd3 exf4 37. exf4 Nf6 38. Kc4 Nh5 39. Ne2 Nf6 40. b4 cxb4 41. axb4 Kb6 42. Kd4 Ne4 43. Ke5 g6 44. h5 gxh5 45. Kxf5 Nd6+ 46. Kg6 Kb5 47. Kxh5 Kxb4 48. Kxh6 Kc5 49. g4 Kd5 50. g5 Ke6 51. Ng3 Nf7+ 52. Kh7 Nd6 53. g6 Ne8 54. Nh5 Ke7 55. f5 Kf8 56. f6 Nd6 57. g7+ Kf7 58. g8=Q# 1-0

[Event "Remembrance Day op"]
[Site "Winnipeg CAN"]
[Date "2004.11.14"]
[Round "4"]
[White "Kohalmi, Andy"]
[Black "Kwiatek, Jordan"]
[Result "0-1"]
[WhiteElo "1622"]
[BlackElo "1719"]
[PlyCount "46"]
[GameId "2160767911052634"]
[EventDate "2004.11.12"]
[EventType "swiss"]
[EventRounds "5"]
[EventCountry "CAN"]
[SourceTitle "EXT 2006"]
[Source "ChessBase"]
[SourceDate "2005.11.24"]
[SourceVersion "1"]
[SourceVersionDate "2005.11.24"]
[SourceQuality "1"]

1. d4 Nc6 2. Nf3 d5 3. e3 Bg4 4. Bb5 Nf6 5. h3 Bxf3 6. Qxf3 Qd6 7. c4 dxc4 8. Nd2 a6 9. Bxc6+ bxc6 10. Nxc4 Qb4+ 11. Nd2 Qb5 12. Qe2 e6 13. Qc4 Bb4 14. b3 O-O 15. O-O Nd5 16. a3 Bd6 17. Ne4 Rab8 18. Rb1 Qxc4 19. bxc4 Rxb1 20. cxd5 cxd5 21. Nd2 Ra1 22. Nb3 Ra2 23. Bd2 Rb2 0-1

[Event "Remembrance Day op"]
[Site "Winnipeg CAN"]
[Date "2004.11.14"]
[Round "4"]
[White "Penner, Wesley"]
[Black "Prince, Colin"]
[Result "0-1"]
[WhiteElo "1776"]
[BlackElo "1772"]
[PlyCount "40"]
[GameId "2160767911052635"]
[EventDate "2004.11.12"]
[EventType "swiss"]
[EventRounds "5"]
[EventCountry "CAN"]
[SourceTitle "EXT 2006"]
[Source "ChessBase"]
[SourceDate "2005.11.24"]
[SourceVersion "1"]
[SourceVersionDate "2005.11.24"]
[SourceQuality "1"]

1. e3 c5 2. c3 e5 3. d4 cxd4 4. cxd4 exd4 5. Qxd4 Nc6 6. Qd1 d5 7. Nf3 Nf6 8. Be2 Bd6 9. Nc3 O-O 10. Nxd5 Nxd5 11. O-O Re8 12. a3 Be6 13. b4 Nc3 14. Qc2 Nxe2+ 15. Qxe2 Bg4 16. Bb2 Be5 17. Rab1 Qf6 18. h3 Bxf3 19. gxf3 Bxb2 20. Rxb2 Nd4 0-1

[Event "Remembrance Day op"]
[Site "Winnipeg CAN"]
[Date "2004.11.14"]
[Round "4"]
[White "Rutter, Blair"]
[Black "Tang, Edward"]
[Result "0-1"]
[WhiteElo "1745"]
[BlackElo "1966"]
[PlyCount "136"]
[GameId "2160767911052636"]
[EventDate "2004.11.12"]
[EventType "swiss"]
[EventRounds "5"]
[EventCountry "CAN"]
[SourceTitle "EXT 2006"]
[Source "ChessBase"]
[SourceDate "2005.11.24"]
[SourceVersion "1"]
[SourceVersionDate "2005.11.24"]
[SourceQuality "1"]

1. c4 g6 2. g3 Bg7 3. Bg2 d6 4. Nc3 e5 5. e4 Nc6 6. Nge2 Nge7 7. O-O O-O 8. d3 f5 9. f4 Be6 10. h3 Qd7 11. Kh2 Rae8 12. Nd5 Nc8 13. Nec3 Nd4 14. Be3 c6 15. Nb4 Ne7 16. Rc1 a5 17. Nc2 d5 18. cxd5 cxd5 19. exd5 Nxd5 20. Bxd4 exd4 21. Ne2 Ne3 22. Nxe3 dxe3 23. b3 Bd5 24. Rc5 Bxg2 25. Kxg2 b6 26. Rc4 Rd8 27. d4 b5 28. Rc3 Qd5+ 29. Kh2 Rfe8 30. Rc5 Qd7 31. Re1 Bxd4 32. Qxd4 Qxd4 33. Nxd4 Rxd4 34. Rc2 a4 35. bxa4 bxa4 36. Rce2 Rd3 37. Kg2 Ra3 38. Kf3 Kf7 39. Rc1 Re7 40. h4 h6 41. Rc5 Re6 42. h5 Kf6 43. hxg6 Kxg6 44. Re5 Kf6 45. Rxe6+ Kxe6 46. Rxe3+ Rxe3+ 47. Kxe3 Kd5 48. Kd3 a3 49. Ke3 Kc4 50. Ke2 Kd4 51. Kd2 Ke4 52. Ke2 h5 53. Kf2 h4 54. gxh4 Kxf4 55. h5 Kg5 56. Kf3 Kxh5 57. Kf4 Kg6 58. Kf3 Kf6 59. Kf4 Ke6 60. Kf3 Ke5 61. Ke3 f4+ 62. Kf3 Kf5 63. Kf2 Kg4 64. Kg2 Kf5 65. Kf3 Ke5 66. Kf2 Kd4 67. Kf3 Kc3 68. Kxf4 Kb2 0-1

[Event "Remembrance Day op"]
[Site "Winnipeg CAN"]
[Date "2004.11.14"]
[Round "5"]
[White "Cheyne, Andrew"]
[Black "Kohalmi, Andy"]
[Result "0-1"]
[WhiteElo "1253"]
[BlackElo "1622"]
[PlyCount "73"]
[GameId "2160767911052637"]
[EventDate "2004.11.12"]
[EventType "swiss"]
[EventRounds "5"]
[EventCountry "CAN"]
[SourceTitle "EXT 2006"]
[Source "ChessBase"]
[SourceDate "2005.11.24"]
[SourceVersion "1"]
[SourceVersionDate "2005.11.24"]
[SourceQuality "1"]

1. e4 e5 2. Nf3 Nc6 3. Bc4 Bc5 4. Nc3 Nf6 5. a3 a6 6. d3 h6 7. O-O d6 8. h3 O-O 9. Be3 Bxe3 10. fxe3 Na5 11. Ba2 c5 12. Qe1 Nc6 13. Nh4 Ne7 14. Nf5 Bxf5 15. exf5 d5 16. e4 Rc8 17. Qg3 Qd6 18. Rad1 d4 19. Ne2 b5 20. Qf2 c4 21. b3 cxd3 22. cxd3 Qxa3 23. Ng3 Rc3 24. Qd2 Rfc8 25. Rf2 Rc1 26. Nf1 Rxd1 27. Qxd1 Rc3 28. Rc2 Nc6 29. Rxc3 dxc3 30. Bb1 Nd4 31. Ne3 Qb2 32. Kh2 a5 33. Bc2 a4 34. bxa4 b4 35. a5 b3 36. Bb1 c2 37. Bxc2 0-1